000
00282nam a2200121Ia 4500
008
191201s2011 xx 000 0 und d
100
_a
HAHN, Harley
245
0
_a
Guide to UNIX and LINUX
260
_a
N. Delhi
_b
TMH
_c
2011
300
_a
926
650
_a
B.Tech(IT)
942
_2
ddc
_c
BK
999
_c
5055
_d
5055